Stati Uniti o Messico? - Statistics

Statistiche generali
  • Questo quiz è stato fatto 108 volte
  • Il punteggio medio è 14 su 15
Statistiche sulle risposte
Domanda Risposta % Corretto
Quale dei due paesi si è reso indipendente dalla Spagna? Messico
100%
Quale dei due paesi ha come valuta il peso? Messico
100%
Quale dei due paesi ha come capitale Città del Messico? Messico
100%
Quale dei due paesi confina con il Belize? Messico
100%
In quale dei due paesi si trova il Grand Canyon? Stati Uniti
100%
Quale dei due paesi è più esteso in superficie? Stati Uniti
100%
Quale dei due paesi ha subito gli attentati terroristici dell'11 settembre? Stati Uniti
100%
In quale dei due paesi si sviluppò la civiltà dei Maya? Messico
96%
In quale dei due paesi si trova San Diego? Stati Uniti
96%
Quale dei due paesi ha più abitanti? Stati Uniti
92%
Quale dei due paesi ha una densità di popolazione maggiore? Messico
88%
In quale dei due paesi si trovo lo stato federato dello Yucatan? Messico
88%
Quale dei paesi ha ospitato i Mondiali di calcio nel 1986? Messico
80%
In quale dei due paesi si trova la Penisola di Bassa California? Messico
72%
In quale dei due paesi si trova la città di El Paso? Stati Uniti
68%
Nessun quiz corrispondente trovato
Distribuzione punteggi
Percentuale di utenti per punteggio
Percentile per numero di risposta
I tuoi punteggi nel tempo
Non hai fatto questo quiz